|
|
|
|
| LEADER |
00000nam0a2200000 4500 |
| 001 |
271107 |
| 005 |
20231031225239.0 |
| 020 |
|
|
|a RU
|b 87-33245
|
| 035 |
|
|
|a (RuTPU)RU\TPU\book\294288
|
| 090 |
|
|
|a 271107
|
| 100 |
|
|
|a 20141004d1987 m y0rusy5003 ca
|
| 101 |
0 |
|
|a rus
|
| 102 |
|
|
|a RU
|
| 105 |
|
|
|a a z 000zy
|
| 200 |
1 |
|
|a О Советской Родине и воинском долге
|e книга для чтения
|f под ред. М. У. Сибилева
|
| 205 |
|
|
|a 2-е изд., доп.
|
| 210 |
|
|
|a Москва
|c Воениздат
|d 1987
|
| 215 |
|
|
|a 608 с.
|c ил.
|
| 606 |
1 |
|
|a Вооруженные силы
|x СССР
|2 stltpush
|3 (RuTPU)RU\TPU\subj\3695
|
| 610 |
1 |
|
|a Отечество
|
| 610 |
1 |
|
|a история
|
| 610 |
1 |
|
|a защита
|
| 610 |
1 |
|
|a хрестоматии
|
| 610 |
1 |
|
|a коммунизм
|
| 610 |
1 |
|
|a героизм
|
| 610 |
1 |
|
|a социалистическое строительство
|
| 610 |
1 |
|
|a Великая Отечественная война 1941-1945
|
| 610 |
1 |
|
|a долг
|
| 610 |
1 |
|
|a честь
|
| 686 |
|
|
|a Ц4,6(2)
|2 rubbk
|
| 702 |
|
1 |
|a Сибилев
|b М. У.
|4 340
|
| 801 |
|
0 |
|a RU
|b RuMRKP
|c 19960705
|g psbo
|
| 801 |
|
1 |
|a RU
|b 63413507
|c 20141004
|
| 801 |
|
2 |
|a RU
|b 63413507
|c 20161207
|g RCR
|
| 942 |
|
|
|c BK
|